000
00303nam a22001457a 4500
999
_c
10400
_d
10400
003
OSt
008
210125b ||||| |||| 00| 0 eng d
100
_a
KANETKAR, Yashvant
245
_a
Let Us C
250
_a
10th
260
_a
New Delhi
_b
BPB
300
_a
741
650
_a
MCA
942
_2
ddc
_c
BB
_0
1